| 000 | 00716nam a2200241 i 4500 | ||
|---|---|---|---|
| 001 | 170463 | ||
| 003 | ES-MaACL | ||
| 005 | 20230906214400.0 | ||
| 008 | 090306s1991 fr |||| | fre d | ||
| 020 | _a2-251-38007-8 | ||
| 080 | _a907.2 | ||
| 100 | 1 |
_aMilo, Daniel Shabetaï. _9139603 |
|
| 245 | 1 | 0 |
_aTrahir le temps _b: (histoire) / _cDaniel S. Milo. |
| 260 |
_aParis : _bLes Belles Lettres, _c1991. |
||
| 300 |
_a270 p. ; _c22 cm. |
||
| 490 | 1 | _aHistoire | |
| 500 | _aÍndice. | ||
| 650 | 0 | 4 |
_aCronología. _911457 |
| 650 | 0 | 4 |
_aTiempo- _xFilosofía. _917531 |
| 830 | 0 |
_aHistoire _9184079 |
|
| 852 | 4 |
_aES-MaACL _jE-12483 _9R.140107 _z. - Biblioteca Jacinto Martínez Lacalle |
|
| 999 |
_c170463 _d170463 |
||